Najwięksi partnerzy handlowi - Hiszpania - Statystyki

Ogólne statystyki
  • Ten quiz został rozwiązany 2 426 razy
  • Średni wynik to 15 z 18
Statystyki odpowiedzi
Eksport Import Państwo % Poprawnych
43,8 mld 37,2 mld Francja
99%
32,7 mld 45,5 mld Niemcy
98%
5,61 mld 6,06 mld Polska
98%
20,2 mld 12,1 mld Portugalia
98%
12,5 mld 11,7 mld Stany Zjednoczone
98%
22,5 mld 20,9 mld Włochy
97%
21,8 mld 13,6 mld Wielka Brytania
96%
5,57 mld 22,0 mld Chiny
94%
7,64 mld 6,20 mld Maroko
86%
9,06 mld 16,0 mld Holandia
85%
4,53 mld Meksyk
85%
9,10 mld 10,4 mld Belgia
84%
5,74 mld 5,44 mld Turcja
80%
4,43 mld 4,01 mld Szwajcaria
79%
3,32 mld 5,00 mld Algieria
75%
4,14 mld Irlandia
74%
4,70 mld Czechy
67%
2,89 mld Rumunia
50%
Nie znaleziono quizów pasujących do podanych kryteriów
Rozkład punktacji
Procent ludzi z każdym wynikiem
Percentyl według liczby udzielonych odpowiedzi
Twoja historia wyników
Nie rozwiązałeś tego quizu